Welcome to the Holygrace Academy Library

Please use search bar below to get started

SPIRIT OF ADVENTURE (Record no. 3160)

MARC details
000 -LEADER
fixed length control field 00407nam a22001577a 4500
020 ## - INTERNATIONAL STANDARD BOOK NUMBER
ISBN 978-93-80283-42-5
082 ## - DEWEY DECIMAL CLASSIFICATION NUMBER
Classification number 823
Item number TRI/S
100 ## - MAIN ENTRY--AUTHOR NAME
Personal name TRIMBLE, IRENE
245 ## - TITLE STATEMENT
Title SPIRIT OF ADVENTURE
Remainder of title STEPPING STONES
246 ## - VARYING FORM OF TITLE
Title proper/short title SPIRIT OF ADVENTURE
Remainder of title STEPPING STONES
260 ## - PUBLICATION, DISTRIBUTION, ETC. (IMPRINT)
Place of publication US
Name of publisher RANDON HOUSE CHILDREN BOOKS
Year of publication 2009
300 ## - PHYSICAL DESCRIPTION
Number of Pages 78
520 ## - SUMMARY, ETC.
Summary, etc STEPPING STONES
650 ## - SUBJECT ADDED ENTRY--TOPICAL TERM
Topical Term STEPPING STONES
942 ## - ADDED ENTRY ELEMENTS (KOHA)
Koha item type Books
Holdings
Withdrawn status Lost status Collection code Home library Current library Shelving location Date acquired Source of acquisition Cost, normal purchase price Full call number Accession Number Koha item type
    Fiction Main Library Main Library SHELF 4-G FAIRY TALES,COMICS 29/01/2019 Purchase 60.00 823 TRI/S 10778 Books